000 00815nam a2200289Ia 4500
003 OSt
005 20221006152009.0
006 a|||||r|||| 00| 0
007 ta
008 221006b |||||||| |||| 00| 0 eng d
020 _a0815708246
020 _a815708238
024 _a24,164
037 _bGift,
_cTextual
040 _aEASL
_cEASL
_beng
041 _2eng
_aeng
082 _aV41:191.N76, L7
100 _aBARNETT A. Doak
245 0 _aChina and the major powers in East Asia
260 _aWashington
_bBrookings Institution
_c1977
300 _a416p.
_ccm.
490 _v CEL
650 _a CEL
650 _aChina - Foreign relations - Russia - Japan - United States
_9660484
942 _hV41:191.N76, L7
_cTEXL
_2CC
999 _c1092250
_d1092250